Engravings, woodcuts and etchings (Record no. 7208)

MARC details
000 -CABECERA
campo de control de longitud fija 00954nam a2200253 a 4500
001 - NÚMERO DE CONTROL
campo de control BRCA_7534
005 - FECHA Y HORA DE LA ÚLTIMA TRANSACCIÓN
campo de control 20190320205857.0
008 - DATOS DE LONGITUD FIJA--INFORMACIÓN GENERAL
campo de control de longitud fija 240513s1940----nyua######---#000-0#eng-#
041 ## - CÓDIGO DE LENGUA
Código de lengua del texto/banda sonora o título independiente eng
044 ## - CÓDIGO DEL PAÍS DE LA ENTIDAD EDITORA/PRODUCTORA
Código MARC del país nyu
050 #4 - SIGNATURA TOPOGRÁFICA DE LA BIBLIOTECA DEL CONGRESO
Número de clasificación NE57
Número de documento/Ítem .E54 1940
245 10 - MENCIÓN DE TÍTULO
Título Engravings, woodcuts and etchings
Resto del título masterpieces by Schongauer, Durer, Van Dyck, Rembrandt, Meryon, Zorn, the entire print collection of the late Clendenin J. Ryan, New York, by order of the executors of this estate public sale January 17 and 18.
260 ## - PUBLICACIÓN, DISTRIBUCIÓN, ETC.
Lugar de publicación, distribución, etc. Nueva York
Nombre del editor, distribuidor, etc. Parke-Bernet Galleries
Fecha de publicación, distribución, etc. 1940
300 ## - DESCRIPCIÓN FÍSICA
Extensión 98 p.
Otras características físicas il., láminas
Dimensiones 28 cm.
500 ## - NOTA GENERAL
Nota general Catálogo 163 de enero 17, 18 de 1940
500 ## - NOTA GENERAL
Nota general S2
650 14 - PUNTO DE ACCESO ADICIONAL DE MATERIA--TÉRMINO DE MATERIA
Término de materia o nombre geográfico como elemento de entrada Grabados
Subdivisión general Coleccionistas y colecciones
9 (RLIN) 7355
650 14 - PUNTO DE ACCESO ADICIONAL DE MATERIA--TÉRMINO DE MATERIA
Término de materia o nombre geográfico como elemento de entrada Coleccionistas y colecciones
9 (RLIN) 18577
650 14 - PUNTO DE ACCESO ADICIONAL DE MATERIA--TÉRMINO DE MATERIA
Término de materia o nombre geográfico como elemento de entrada Subastas
9 (RLIN) 7837
700 1# - PUNTO DE ACCESO ADICIONAL--NOMBRE DE PERSONA
Nombre de persona Ryan, Clendenin J.
9 (RLIN) 18578
710 2# - PUNTO DE ACCESO ADICIONAL--NOMBRE DE ENTIDAD CORPORATIVA
Nombre de entidad corporativa o nombre de jurisdicción como elemento de entrada Parke-Bernet Galleries (Nueva York)
9 (RLIN) 10391
902 ## - CATALOGADOR
Iniciales GFM
942 ## - ELEMENTOS DE PUNTO DE ACCESO ADICIONAL (KOHA)
Fuente del sistema de clasificación o colocación Library of Congress Classification
Tipo de ítem Koha Libros
Holdings
Estado de retiro Estado de pérdida Estado dañado No para préstamo Localización permanente Ubicación/localización actual Fecha de adquisición Número de inventario Total de préstamos Signatura topográfica completa Código de barras Fecha visto por última vez Precio válido a partir de Tipo de ítem Koha
El ejemplar forma parte de la colección y puede ser consultado según las políticas vigentes.       Biblioteca del Museo Franz Mayer (Rogerio Casas-Alatriste) Biblioteca del Museo Franz Mayer (Rogerio Casas-Alatriste) 24/05/2013 S2   NE57 .E54 1940 (S2) 8139 22/03/2019 22/03/2019 Libros